Statistiques concernant Préfectures des départements français

Cliquez ici pour prendre le quiz!

Statistiques générales

  • Ce quiz a été pris 11 893 fois
  • Le résultat moyen est 75 sur 101

Statistiques - réponses

DépartementPréfecture% Correct
13Bouches du RhôneMarseille
98%
59NordLille
96%
69RhôneLyon
96%
6Alpes maritimesNice
96%
75ParisParis
96%
33GirondeBordeaux
96%
67Bas RhinStrasbourg
95%
44Loire atlantiqueNantes
95%
35Ille et VilaineRennes
95%
31Haute GaronneToulouse
94%
20ACorse du sudAjaccio
94%
34HéraultMontpellier
93%
21Côte d'orDijon
92%
20BHaute CorseBastia
92%
38IsèreGrenoble
90%
14CalvadosCaen
90%
63Puy de DômeClermont Ferrand
87%
17Charente maritimeLa Rochelle
87%
42LoireSaint Etienne
86%
76Seine maritimeRouen
86%
83VarToulon
86%
54Meurthe et MoselleNancy
85%
90Territoire de BelfortBelfort
85%
57MoselleMetz
85%
72SartheLe Mans
85%
45LoiretOrléans
84%
29FinistèreQuimper
84%
30GardNîmes
84%
974La RéunionSaint Denis
84%
66Pyrénées orientalesPerpignan
84%
64Pyrénées atlantiquesPau
82%
80SommeAmiens
81%
37Indre et LoireTours
81%
78YvelinesVersailles
81%
74Haute SavoieAnnecy
80%
68Haut RhinColmar
79%
25DoubsBesançon
78%
5Hautes AlpesGap
78%
49Maine et LoireAngers
78%
86ViennePoitiers
78%
19CorrezeTulle
78%
56MorbihanVannes
77%
73SavoieChambéry
77%
1AinBourg en Bresse
77%
87Haute VienneLimoges
77%
10AubeTroyes
77%
84VaucluseAvignon
76%
11AudeCarcassonne
75%
26DrômeValence
75%
89YonneAuxerre
74%
972MartiniqueFort de France
71%
58NièvresNevers
71%
22Côte d'ArmorSaint Brieuc
70%
18CherBourges
70%
62Pas de CalaisArras
70%
8ArdennesCharleville Mézières
69%
973GuyaneCayenne
69%
24DordognePérigueux
69%
79Deux SèvresNiort
69%
40LandesMont de Marsan
69%
16CharenteAngoulême
69%
53MayenneLaval
69%
50MancheSaint Lô
68%
3AllierMoulins
68%
9AriègeFoix
68%
12AveyronRodez
68%
28Eure et LoirChartres
68%
2AisneLaon
67%
60OiseBeauvais
67%
36IndreChâteauroux
66%
15CantalAurillac
66%
85VendéeLa Roche sur Yon
66%
91EssonneEvry
65%
7ArdèchePrivas
65%
65Hautes PyrénéesTarbes
64%
47Lot et GaronnneAgen
64%
92Hauts de SeineNanterre
64%
81TarnAlbi
64%
88VosgesEpinal
63%
77Seine et MarneMelun
63%
94Val de MarneCréteil
63%
27EureEvreux
62%
23CreuseGuéret
62%
51MarneChâlons en Champagne
62%
93Seine Saint DenisBobigny
61%
48LozèreMende
61%
4Alpes de haute provenceDigne les bains
61%
61OrneAlençon
61%
32GersAuch
60%
41Loir et CherBlois
60%
71Saône et LoireMacon
60%
95Val d'OiseCergy / Pontoise
59%
82Tarn et GaronneMontauban
59%
39JuraLons le Saunier
58%
46LotCahors
58%
43Haute LoireLe Puy en Velay
57%
971GuadeloupeBasse Terre
56%
55MeuseBar le Duc
53%
70Haute SaôneVesoul
52%
52Haute MarneChaumont
49%
976MayotteMamoudzou
48%

Distribution des résultats

Percentile par nombre de réponses

% des personnes avec chaque résultat

Votre développement - résultats

Vous n’avez pas pris ce quiz